|
|
|
|
| LEADER |
00000nkm a2200000 a 4500 |
| 001 |
vtls010280825 |
| 003 |
SK-MaSNL |
| 005 |
20260512122038.0 |
| 007 |
kp co |
| 008 |
231206q1978 xo g kuslo |
| 015 |
|
|
|a SNBG
|
| 035 |
|
|
|a 7D6D81F2-841C-4D51-BD72-10B682671F71
|
| 035 |
|
|
|a urn:nbn:sk:snk-kmxvtf
|
| 035 |
|
|
|a urn:nbn:sk:snk-km004yzo
|
| 040 |
|
|
|a SNK
|b slo
|c SNK
|e AACR2
|
| 041 |
0 |
|
|a slo
|
| 044 |
|
|
|a xo
|c SK
|
| 080 |
|
|
|a 711.455:615.838
|2 2001
|
| 080 |
|
|
|a (437.6)
|2 2001
|
| 080 |
|
|
|a (084.121)
|2 2001
|
| 100 |
1 |
|
|a Ondrejkovič, Ivan,
|d 1935-1998
|4 pht
|9 7599
|
| 245 |
1 |
0 |
|a Piešťany
|h grafika
|b liečebný dom Slovan
|c foto I. Ondrejkovič
|
| 260 |
|
|
|a Bratislava
|b PRESS-ČSTK-FOTO
|c [1978?]
|
| 300 |
|
|
|a 1 pohľadnica
|b farebná
|c 11 x 15 cm
|
| 520 |
8 |
|
|a Zobrazenie: budova liečebného domu
|
| 650 |
0 |
7 |
|a kúpele
|2 SNKPH
|9 1139
|
| 651 |
|
7 |
|a Piešťany (Slovensko)
|2 SNKPH
|9 23981
|
| 655 |
|
7 |
|a miestne pohľadnice
|2 SNKPH
|9 70510
|
| 852 |
|
|
|a Slovenská národná knižnica
|
| 958 |
|
|
|a GC
|
| 958 |
|
|
|a GBN
|
| 958 |
|
|
|a OND
|
| 999 |
|
|
|c 577314
|d 579244
|
| 952 |
|
|
|a SNK
|b SNK
|y PREZ
|7 0
|p 17A0699927
|o snkSP 126384
|3 rekatalogizácia
|0 0
|1 0
|4 0
|d 2011-05-24
|f 1
|l 0
|r 2026-02-23 14:37:55
|w 2026-02-23
|